Statistiques concernant Meilleur joueur du tournoi des 6 nations depuis 2004

Cliquez ici pour prendre le quiz!

Statistiques générales

  • Ce quiz a été pris 17 fois
  • Le résultat moyen est 9 sur 20

Statistiques - réponses

HintRéponse% Correct
2022Antoine Dupont
100%
2020Antoine Dupont
100%
2023Atoine Dupont
100%
2006Brian O'Driscoll
59%
2007Brian O'Driscoll
59%
2009Brian O'Driscoll
59%
2019Alun Wyn Jones
47%
2016Stuart Hogg
47%
2017Stuart Hogg
47%
2005Martyn Williams
41%
2008Shane Williams
41%
2013Leigh Halfpenny
29%
2004Gordon D'Arcy
24%
2014Mike Brown
24%
2015Paul O'Connell
24%
2021Hamish Watson
18%
2018Jacob Stockdale
18%
2011Andrea Masi
12%
2012Dan Lydiate
6%
2010Tommy Bowe
6%

Distribution des résultats

Percentile par nombre de réponses

% des personnes avec chaque résultat

Votre développement - résultats

Vous n’avez pas pris ce quiz